Giáo trình thực hành . Quấn dây rô-to phần ứng /
Đã lưu trong:
| 主要作者: | |
|---|---|
| 格式: | 图书 |
| 语言: | Vietnamese |
| 出版: |
Tp.HCM :
Trường Đại Học Công Nghiệp ,
2004
|
| 主题: | |
| 标签: |
添加标签
没有标签, 成为第一个标记此记录!
|
| Thư viện lưu trữ: | Thư viện Trường CĐ Kỹ Thuật Cao Thắng |
|---|
| LEADER | 00663nam a2200181 a 4500 | ||
|---|---|---|---|
| 001 | TVCDKTCT2897 | ||
| 003 | Thư viện trường Cao đẳng Kỹ thuật Cao Thắng | ||
| 005 | 20050831000000 | ||
| 008 | 050831 | ||
| 980 | \ | \ | |a Thư viện Trường CĐ Kỹ Thuật Cao Thắng |
| 024 | |a RG_1 #1 eb0 i1 | ||
| 041 | 0 | # | |a vie |
| 082 | # | # | |a 621.3 / |b Đ312CH-q |
| 100 | 1 | # | |a Đinh Xuân Chiến |
| 245 | 0 | 0 | |a Giáo trình thực hành . Quấn dây rô-to phần ứng / |c Đinh Xuân Chiến |
| 260 | # | # | |a Tp.HCM : |b Trường Đại Học Công Nghiệp , |c 2004 |
| 300 | # | # | |a 73tr. ; |c 27cm |
| 650 | # | 4 | |a Quấn dây rô-to phần ứng |